| 000 | 00483nam a22001697a 4500 | ||
|---|---|---|---|
| 003 | NUST - PNEC | ||
| 005 | 20170116181116.0 | ||
| 008 | 151004b xxu||||| |||| 00| 0 eng d | ||
| 020 | _a1853574897 | ||
| 040 | _cLIBRARY | ||
| 082 | _a958.103 MAC | ||
| 100 |
_913231 _aMacrory, Patrick Arthur |
||
| 245 |
_aKabul catastrophe : the invasion and retreat, 1839-1842 _cPatrick Arthur Macrory |
||
| 260 | _cc.1966 | ||
| 650 |
_913232 _aKabul catastrphe _xGeneral books |
||
| 942 |
_2ddc _cBK |
||
| 999 |
_c69341 _d69341 |
||